000 00793nam a2200229 4500
005 20250801161353.0
010 _aENG-146284
020 _a9789361632129
_c600.00
035 _aEN-129816
037 _bDBAD
082 _a307.2
_21
245 _aUrban Voices and Rural Whispers:
_bSpatial Dialectics in Global Narratives/
_cEdited By Godwin Rufus SJ; R. Princee [and] A. Maria Igatius
250 _a1
260 _aTamil Nadu
_bShanlax Publications
_c2025
270 _a61,66 T.P.K. Main Road Vasantha Nagar.
_bTamil Nadu
_e625003
_mshanlaxpublications.com
300 _a217p.
_c25cm(pb)
490 _v1
700 _aGodwin Rufus SJ
_eEditor
_983640
700 _aR. Princee
_eEditor
_983641
700 _aA. Maria Igatius
_eEditor
_983642
942 _2ddc
_cEN
_h307.2
_mURB
999 _c212817
_d212817